000 00341nam a2200145Ia 4500
008 150301s2015 xx 000 0 und d
082 _a615.1
_bQ08J
100 _aGLENN JENKINS
245 _aQUANTITATIVE PHARMACEUTICAL CHEMESTRY
250 _a6TH
260 _bCBS- DELHI
300 _a518
650 _aPHARMACOLOGY
942 _2ddc
_cBK
_01
999 _c7227
_d7227